000 00417nam a2200169Ia 4500
003 OSt
005 20240314122208.0
008 170619s9999 xx 000 0 und d
020 _a9788122427233
040 _cIIMT ENGINEERING COLLEGE
100 _aRao- S S
245 0 _aEngineering Optimization Theory and Practice
260 _bNew Age International
260 _c2016
546 _aENGLISH
942 _2ddc
_c02
999 _c21713
_d21713